000 02201cam a22004574i 4500
003 PE-LiUPU
005 20250731165438.0
008 160525s2016 pe a grm 000 0 spa d
035 _a(Sirsi) a156836
040 _aPE-LiUPU
_bspa
_cPE-LiUPU
_erda
099 _aTPS 2
_bN94 2016
100 1 _aNúñez Casaño, José Antonio
_eautor
245 1 _aFuncionamiento familiar y depresión en pacientes de consulta externa de un hospital de Lima este, 2015 /
_cJosé Antonio Núñez Casaño.
264 0 _c2016.
300 _a100 hojas :
_bilustraciones;
_c30 cm
336 _atext
_2rdacontent
337 _aunmediated
_2rdamedia
338 _avolume
_2rdacarrier
502 _aTesis
_b(Lic.) --
_cUniversidad Peruana Unión,
_d2016.
504 _aIncluye referencias
520 3 _aEl objetivo de la presente investigación fue determinar la relación entre funcionamiento familiar y depresión en 176 pacientes; 121 mujeres y 55 varones de consulta externa de un Hospital de Lima, Este. El diseño del presente estudio fue no experimental, de tipo descriptivo correlacional y de corte transversal. Se utilizó la Escala de Evaluación Familiar de McMaster (FAD. adaptado por Quinteros, 2008), y el Inventario de Depresión de Beck (Adaptado por Barbaran y Apaza, 2014). Los resultados muestran que si existe una relación altamente significativa entre ambas variables; la cual evidencia que los beneficios de una familia adecuadamente estructurada y organizada, contribuirá a un desarrollo emocional sano y equilibrado en los pacientes que asisten continuamente a los consultorios externos del hospital.
526 _aSEG44
526 _aSEG26
526 _aP151
526 _aP150
526 _aP149
526 _aP146
526 _aP145
526 _aP126
526 _aP125
526 _aP92
526 _aP75
526 _aP74
526 _aP27
526 _aP15
650 0 4 _aDepresión
_xFamilias
_vTesis.
700 1 _aSaire Saire, Clauria Mercedes
_eautor
596 _a1
942 _2ddc
_cTESIS
999 _aTPS 2 N94 2016
_wALPHANUM
_c9489
_iT01963
_lCCODEBUL3
_mBUL
_r1
_sY
_tTESIS
_u2016-5-25
_xSALUD
_PP33
_o.STAFF. Tesis
_d9489
980 _81
_gALBERTO SANCHEZ Responsable de Automatización